| 000 | 00636nam a2200205Ia 4500 | ||
|---|---|---|---|
| 003 | GCL | ||
| 008 | 140319s9999 xx 000 0 ara d | ||
| 040 |
_aGCL / _cGCL |
||
| 082 | 0 | 4 |
_a813.01 _bى ش |
| 100 | 1 | _aيوسف القعيد | |
| 245 | 1 | 0 |
_aالمزاد (رواية) / _cيوسف القعيد |
| 250 | _aالاولى | ||
| 260 |
_aالقاهرة : _bدار المستقبل العربى ، _c1983 |
||
| 300 |
_a497 ؛ _c19 سم |
||
| 490 |
_aشكاوى المصرى الفصيح _v0 |
||
| 650 | 0 | 4 | _aالادب العربى |
| 650 | 0 | 4 | _aالقصص العربية |
| 650 | 0 | 4 | _aالقصص الشعبية |
| 942 |
_2ddc _cBK |
||
| 999 |
_c40057 _d40057 |
||